|
|
|
|
| LEADER |
00000nam a2200000 a 4500 |
| 001 |
vtls001223626 |
| 003 |
SK-MaSNL |
| 005 |
20260301154616.0 |
| 008 |
251113s1996 xo 0 cze |
| 015 |
|
|
|a SNBJ1997/04-01896
|
| 035 |
|
|
|a SNK000169811
|
| 040 |
|
|
|a SNK
|b slo
|c SNK
|e AACR2
|
| 044 |
|
|
|a xo
|c SK
|
| 080 |
|
|
|a 791.43-252(73)(086.8)
|2 1981
|
| 245 |
1 |
|
|a Legenda o Hiawathovi ; Cesta kolem světa za 80 dní
|h videozáznam
|
| 260 |
|
|
|a Bratislava
|b Davay
|c 1996
|
| 300 |
|
|
|a 1 videokazeta (105 min.)
|b stereo, fareb., VHS systém PAL
|c 10x19 cm
|
| 490 |
1 |
|
|a Svět pohádek
|
| 650 |
0 |
7 |
|a rozprávky filmové
|x videokazety
|2 SNK
|9 284201
|
| 655 |
|
7 |
|a videokazety
|2 SNK
|9 70726
|
| 830 |
|
0 |
|a Svět pohádek
|9 284202
|
| 999 |
|
|
|c 797451
|d 799381
|
| 952 |
|
|
|t P60, <03>, [BOOK], {603}
|a SNK
|b SNK
|y PREZ
|7 0
|p 17A0023569
|o snkSVC 763
|i snkJK 64/97
|0 0
|1 0
|4 0
|d 1997-01-21
|l 0
|r 2005-01-01 00:00:00
|w 2026-02-24
|